Los origenes de la democracia. La teoria politica griega entre el 800 y el 400 A.C.

Guardat en:
Dades bibliogràfiques
Autor principal: Forrest, W.G (autor)
Altres autors: Lopez Barja de Quiroga, Pedro (traducción)
Format: Llibre
Publicat: Madrid, España: Ediciones Akal, 1988.
Col·lecció:Akal / Universitaria. Historia Antigua.
Matèries:
Etiquetes: Afegir etiqueta
Sense etiquetes, Sigues el primer a etiquetar aquest registre!

MARC

LEADER 00000nam a22000007a 4500
003 CL-VaPUC
005 20220822114541.0
008 220704t1988 ||||| |||| 00| 0 eng d
999 |c 436657  |d 436655 
020 |a 84-7600-330-7 
040 |c Pontificia Universidad Católica de Valparaíso 
082 7 |a 320.938 FOR 1988  |2 22 
100 1 |a Forrest, W.G.  |e autor  |9 872153 
245 |a Los origenes de la democracia.  |b La teoria politica griega entre el 800 y el 400 A.C. 
260 |a Madrid, España:  |b Ediciones Akal,   |c 1988. 
300 |a 215 páginas. 
490 |a Akal / Universitaria. Historia Antigua.  |n  123. 
500 |a c.1 Donación Familia Prof. Alejandro Guzmán Brito. 
583 |c 20220704  |k Catalogador Asistente 
650 |a Política   |z Grecia  |y  800-400 a.C.  |9 872542 
651 |a Grecia   |x Política y gobierno   |9 872543 
700 |a Lopez Barja de Quiroga, Pedro  |e traducción  |9 872154 
942 |2 ddc  |c BK  |n 0 
952 |0 0  |1 0  |2 ddc  |4 0  |6 320_938000000000000_FOR_1988  |7 0  |8 C_AGB  |9 584338  |a BIBDER  |b BIBDER  |d 2022-07-04  |e Donación  |i 5652476  |o 320.938 FOR 1988  |p 5652476  |r 2023-01-25  |t 1  |w 2022-07-04  |y BK_US  |k AGB